000 01289nam0a22003011 4500
001 rc\1098720
005 20041126174008.6
035 _a(NLR Aleph) 006344539
090 _a4736120
_c4736120
100 _a20041126d1984 u |0rusy50 ca
101 0 _arus
102 _aRU
105 _aa |||||||||
200 1 _aВ Великобритании принято так
_e(Об англ. обычаях)
_e[Учеб. пособие для пед. ин-тов по спец. 2103 "Иностр. яз."]
_fТ.Н. Химунина, Н.В. Конон, И.А. Уолш
205 _a2-е изд., дораб.
210 _aМ.
_cПросвещение
_d1984
215 _a239 с.
_cил., нот. ил.
_d20
300 _aВ вып. дан. 2-й авт.: Конон Наталья Васильевна
300 _aПер. с англ.: Customs, traditions and festivals of Great Britan / T. Khimunina, N. Konon, I. Walshe
700 1 _aХимунина
_bТ. Н.
_gТатьяна Николаевна
701 1 _aКонон
_bН. В.
_gНаталия Васильевна
701 1 _aУолш
_bИ. А.
_gИрина Алексеевна
801 0 _aRU
_bNLR
_gpsbo
801 1 _aRU
_bELAR
_2rusmarc
852 _aNLR
_j84-3/12504
852 _aNLR
_bМф
_jК1/19075
942 _cBOOK
980 _aNB